00435pab a2200145 454500008004000000100001800040245008500058260000900143300001300152650002900165650003000194650001200224700001600236773003700252180718b2012 xxu||||| |||| 00| 0 eng d aKaur, Veerpal aLevels and pattern of income of farmers in rural Haryana: District-wise analysis c2012 ap.17-30. aIncome - India - Haryana aFarmers - India - Haryana aFarmers aSingh, Gian aResearch Journal Social Sciences